00713 2200253 4500001002100000005001700021008004100038020002200079035002400101041000800125043001300133082000800146090001800154100001700172245011900189250001000308260003300318300002500351504001600376650001400392700001400406850001200420990002700432YOGYA-0711000000046420110711094428.0 ind  a978-602-978-665-1 0010-071100000000464 aInd aYOPD DIY a770 aDEP 770 Kab A aSaiful Kabir aA-Z Tutorial Lengkap Fotografi Untuk PemulabTips dan Trik Menghasilkan Karya Fotografi Super ElegancSaiful Kabir aCet 1 aYogyakartabDiva Pressc2011 a104 hlmbilusc23 cm ahlm 101-104 aFotografi aRusdianto aYOPDYOG aCB - D.11 - 2011 - 494